00953nam a2200193Ia 4500008004100000020002200041040001900063041001200082082002500094100002100119245029700140260003200437300002800469504016300497650002000660651003400680700002700714850001800741131103s9999 xx 000 0 und d a140283552cRs 565 aLoreto College aEnglish a930/BRAbLCLIB/43665 aBraudel, Fernand 4aThe Mediterranean in the Ancient Worldb Fernand Braudel cText edited by Roselyne de Ayala and Paule Braudel. Preface and notes by Jean Guilaine, Professor at the College de France and Pierre Rouillard, CNRS. Translated from the French by Sian Reynolds, with an Introduction by Oswyn Murray  aLondonbPenguin Booksc2002 axxiv,408pb illc 19 cm aFirst published in France as Les Memoires de la Mediteranee by Edition de Fallois 1998. This translation first published by Allen Lane The Penguin Press 2001. aAncient History aMediterranean Ancient History aAyala, Roselyne de, ed aLCLIB/930/BRA